006220000a220016900045000410008000000820020000082450105000282600071001333000012002040010005002169420007002219520119002289990017003473360027003643370033003913380028004240 aSPA04aG 268.13 B8553m10aManual del maestro de los diez grados básicos del desarrollo cristiano / William R. Bright, Editor a[S.L] : Cruzada Estudiantil y Profesional para Cristo de América a533 Pag7835 cBK 001040708GENaFUSBCbFUSBCd2005-01-11l0oG 268.13 B8553m p6399r2025-03-22 00:00:00t1w2016-01-26yBKB0C3 c38039d38039 atextobtxt2rdacontent 2rdamediaasin mediaciónbn 2rdacarrieravolumenbnc